000 00692nam a2200289Ia 4500
005 20260324131030.0
008 008 260324s9999 xx 000 0 eng d
020 _a9781315019031
037 _aEBOOK
040 _aCRL
040 _beng
040 _cCRL
041 _2eng
041 _aeng
084 _qCRL
100 _aDavid J Wasserstein; Ami Ayalon
_91183963
245 0 _aMamluks and Ottomans
245 0 _bStudies in Honour of Michael Winter
260 _bTaylor and Francis
260 _c2006
365 _a
365 _b230
856 _uhttp://www.taylorfrancis.com/books/9781315019031
942 _cEBOOK
999 _c1780763
_d1780763